Sports Quiz

Random Sports or NCAA Quiz
Score 0/20 Timer 07:00
0 Plays Today
Hint Answer % Correct
StateLouisiana
96.4%
Team ColorPurple
96%
Team ColorGold
94.4%
Famous Alum: WR _____ Beckham Jr.Odell
90.3%
CityBaton Rouge
90.1%
Primary RivalAlabama
88.5%
Famous Alum: QB ___ BurrowJoe
87.3%
No. of Women's Varsity Sports12
85.5%
No. of Men's Varsity Sports9
78%
NicknameTigers
77.1%
Hint Answer % Correct
Famous Alum: S Tyrann _______Mathieu
73.4%
Football StadiumTiger Stadium
71.8%
ConferenceSEC
69.1%
Primary RivalOle Miss
67.9%
MascotMike the Tiger
56%
Baseball StadiumAlex Box Stadium, Skip Bertman Field
36.1%
Basketball ArenaPete Maravich Assembly Center
26.3%
Athletic DirectorScott Woodward
23%
Fight SongFight for LSU
19.2%
Sport w/ most NCAA ChampionshipsWomen's Outdoor Track and Field (14)
16.3%
Remove Ads.
Support Sporcle.
Get the best of Sporcle when you Go Orange. This ad-free experience offers more features, more stats, and more fun while also helping to support Sporcle. Thank you for becoming a member.

You're not logged in!

Compare scores with friends on all Sporcle quizzes.
OR
Log In

Show Comments

Extras

Top Quizzes Today


Score Distribution

Your Account Isn't Verified!

In order to create a playlist on Sporcle, you need to verify the email address you used during registration. Go to your Sporcle Settings to finish the process.

Report this User

Report this user for behavior that violates our Community Guidelines.

Details: